000
00346nam a2200169Ia 4500
100
_a
Fellers/Gary
650
_a
General
942
_c
BK
366
_f
20
654
_a
go wrong
245
_a
Why things go wrong
260
_b
Magna Publishers
_a
Mumbai
_c
1994
082
_a
658/FEL
_b
FEL
300
_a
126
546
_a
ENGLISH
999
_c
34929
_d
34929